000 00417nam a2200169Ia 4500
005 20250508151144.0
008 008 250505s9999 xx 000 0 eng d
037 _aTextual
040 _aFEDL
_beng
_cFEDL
041 _aeng
_2eng
084 _a371.52, UNE
_qFEDL
245 0 _aRight to education
245 0 _cUNESCO
300 _a53p.
942 _cTEXL
_h371.52, UNE
999 _c1327941
_d1327941